000 00247nam a22001097a 4500
082 _a891.4392 ONC'A
100 _aANSARI, M. AKRAM
_957763
245 _aONE-ACT PLAYS
260 _aLAHORE
_bMAKTABA-TUL-MAARIF
_c1967
300 _a180P
942 _cBK
999 _c568022
_d568022